[Event "North American op"]
[Site "Las Vegas"]
[Date "1992.??.??"]
[Round "?"]
[White "Minev, Nikolay Nikolaev"]
[Black "Busquets, Luis"]
[Result "1-0"]
[WhiteElo "2360"]
[BlackElo "2280"]
[PlyCount "51"]
[EventDate "1992.12.??"]
[EventType "swiss"]
[EventRounds "9"]
[EventCountry "USA"]
[SourceTitle "EXT 1998"]
[Source "ChessBase"]
[SourceDate "1997.11.17"]
[SourceVersion "1"]
[SourceVersionDate "1997.11.17"]
[SourceQuality "1"]

1. d4 Nf6 2. c4 g6 3. Nc3 Bg7 4. e4 d6 5. Nge2 0-0 6. Ng3 e5 7. d5 Nbd7 8. Be2 a6 9. h4 h5 10. Bg5 Qe8 11. Qd2 Nh7 12. Bh6 Bxh6 13. Qxh6 Ndf6 14. Qe3 Bd7 15. Nf1 c5 16. dxc6 bxc6 17. Nd2 Qb8 18. b3 Be6 19. 0-0 d5 20. exd5 cxd5 21. cxd5 Nxd5 22. Nxd5 Bxd5 23. Nc4 Bxc4 24. Bxc4 Ra7 25. Rfe1 Re7 26. Bxa6 1-0

[Event "North American op"]
[Site "Las Vegas"]
[Date "1992.??.??"]
[Round "?"]
[White "Minev, Nikolay Nikolaev"]
[Black "Gurevich, Dmitry"]
[Result "1-0"]
[WhiteElo "2360"]
[BlackElo "2515"]
[PlyCount "83"]
[EventDate "1992.12.??"]
[EventType "swiss"]
[EventRounds "9"]
[EventCountry "USA"]
[SourceTitle "EXT 1998"]
[Source "ChessBase"]
[SourceDate "1997.11.17"]
[SourceVersion "1"]
[SourceVersionDate "1997.11.17"]
[SourceQuality "1"]

1. d4 Nf6 2. Nf3 e6 3. c4 c5 4. Nc3 cxd4 5. Nxd4 a6 6. Nc2 Qc7 7. e4 b6 8. f4 Bb7 9. Bd3 h5 10. Qe2 d6 11. Bd2 Nbd7 12. b4 g6 13. 0-0 Bg7 14. Rae1 0-0 15. Rc1 Rac8 16. Ne1 Qb8 17. Nf3 Rce8 18. Ng5 Nh7 19. Nxh7 Kxh7 20. Bb1 f5 21. h3 Nf6 22. Rce1 b5 23. cxb5 axb5 24. Qxb5 Qa7+ 25. Kh1 fxe4 26. Nxe4 Bxe4 27. Bxe4 Nxe4 28. Rxe4 Qxa2 29. Qd3 Rf5 30. Qe2 d5 31. Re3 e5 32. g4 hxg4 33. hxg4 Rf6 34. f5 gxf5 35. gxf5 d4 36. Rh3+ Kg8 37. Rg1 Qd5+ 38. Kh2 Qf7 39. Bh6 Rxh6 40. Rxh6 Qxf5 41. Qc4+ Qf7 42. Rh8+ 1-0

[Event "Reno op"]
[Site "Reno"]
[Date "1991.??.??"]
[Round "?"]
[White "O'Donnell, Tom"]
[Black "Minev, Nikolay Nikolaev"]
[Result "1/2-1/2"]
[WhiteElo "2375"]
[BlackElo "2365"]
[PlyCount "97"]
[EventDate "1991.??.??"]
[EventType "swiss"]
[EventRounds "7"]
[EventCountry "USA"]
[SourceTitle "EXT 2000"]
[Source "ChessBase"]
[SourceDate "1999.11.16"]
[SourceVersion "1"]
[SourceVersionDate "1999.11.16"]
[SourceQuality "1"]

1. e4 c5 2. Nf3 Nc6 3. d4 cxd4 4. Nxd4 Nf6 5. Nc3 d6 6. Bg5 e6 7. Qd2 Be7 8. 0-0-0 0-0 9. Nb3 a6 10. Bxf6 Bxf6 11. Qxd6 Qb6 12. Qg3 a5 13. a4 Qb4 14. Bb5 Bxc3 15. Qxc3 Qxe4 16. Rhe1 Qf4+ 17. Qe3 Qc7 18. f4 Bd7 19. Rd2 Rfd8 20. Red1 Be8 21. g3 Rxd2 22. Rxd2 b6 23. Nd4 Nb4 24. Qe4 Rc8 25. Bxe8 Rxe8 26. Nb5 Qc5 27. Qd4 Qxd4 28. Rxd4 Rc8 29. c3 Nd5 30. Kd2 Kf8 31. c4 Nb4 32. Rd7 Ke8 33. Rb7 Rc6 34. Ra7 h5 35. b3 g6 36. Ke3 Kf8 37. h3 e5 38. fxe5 Re6 39. Kd4 Nc6+ 40. Kd5 Nxa7 41. Nxa7 Ke7 42. c5 bxc5 43. Nc6+ Kd7 44. Nxa5 Rb6 45. Kxc5 Kc7 46. b4 Ra6 47. Kb5 Rb6+ 48. Kc5 Ra6 49. Kb5 1/2-1/2

[Event "NWC October op"]
[Site "Seattle"]
[Date "1990.??.??"]
[Round "?"]
[White "Donaldson Akhmilovskaya, Elena"]
[Black "Minev, Nikolay Nikolaev"]
[Result "1/2-1/2"]
[WhiteElo "2430"]
[BlackElo "2365"]
[PlyCount "108"]
[EventDate "1990.10.??"]
[EventType "swiss"]
[EventRounds "7"]
[EventCountry "USA"]
[SourceTitle "EXT 2000"]
[Source "ChessBase"]
[SourceDate "1999.11.16"]
[SourceVersion "1"]
[SourceVersionDate "1999.11.16"]
[SourceQuality "1"]

1. d4 Nf6 2. c4 e6 3. g3 d5 4. Bg2 Be7 5. Nf3 0-0 6. 0-0 c6 7. Nc3 Nbd7 8. Qd3 b6 9. e4 Ba6 10. b3 Rc8 11. Bb2 Qc7 12. Rac1 Rfd8 13. Rfd1 Qb8 14. Qe2 Bf8 15. a4 h6 16. h4 Bb4 17. e5 Ne8 18. Na2 Bf8 19. Qe3 Nc7 20. g4 g6 21. h5 Bg7 22. g5 hxg5 23. hxg6 fxg6 24. Qxg5 Nf8 25. Nh4 Rd7 26. Nxg6 Nxg6 27. Qxg6 Rf8 28. Nb4 Bb7 29. cxd5 cxd5 30. Rc3 Qe8 31. Qg4 Rf5 32. Rg3 Qf8 33. Nd3 Ba6 34. Bc1 Bxd3 35. Rdxd3 Rxf2 36. Rdf3 Rxf3 37. Rxf3 Rf7 38. Rh3 Qb4 39. Kh2 Kf8 40. Bh6 Bxh6 41. Rxh6 Ke8 42. Rh8+ Kd7 43. Qg8 Qe7 44. Qc8+ Kc6 45. Qg8 Rg7 46. Qd8 Qxd8 47. Rxd8 Rg4 48. Rd6+ Kb7 49. Bh3 Rxd4 50. Bxe6 Nxe6 51. Rxe6 Re4 52. Kg3 Kc7 53. Kf3 a5 54. Kf2 Kb7 1/2-1/2

[Event "NWC October op"]
[Site "Seattle"]
[Date "1990.??.??"]
[Round "?"]
[White "Minev, Nikolay Nikolaev"]
[Black "Donaldson, John W"]
[Result "1/2-1/2"]
[WhiteElo "2365"]
[BlackElo "2400"]
[PlyCount "20"]
[EventDate "1990.10.??"]
[EventType "swiss"]
[EventRounds "7"]
[EventCountry "USA"]
[SourceTitle "EXT 2000"]
[Source "ChessBase"]
[SourceDate "1999.11.16"]
[SourceVersion "1"]
[SourceVersionDate "1999.11.16"]
[SourceQuality "1"]

1. Nf3 c5 2. e4 Nc6 3. Bb5 g6 4. 0-0 Bg7 5. c3 Nf6 6. Re1 0-0 7. h3 e5 8. Na3 d6 9. d4 cxd4 10. cxd4 exd4 1/2-1/2

[Event "Hamar op"]
[Site "Hamar"]
[Date "1983.??.??"]
[Round "8"]
[White "Elseth, Roar"]
[Black "Minev, Nikolay Nikolaev"]
[Result "1/2-1/2"]
[WhiteElo "2250"]
[BlackElo "2390"]
[PlyCount "37"]
[EventDate "1983.01.??"]
[EventType "swiss"]
[EventRounds "9"]
[EventCountry "NOR"]
[SourceTitle "MCD"]
[Source "ChessBase"]
[SourceDate "1999.07.01"]
[SourceVersion "1"]
[SourceVersionDate "1999.07.01"]
[SourceQuality "1"]

1. e4 c5 2. Nf3 Nc6 3. d4 cxd4 4. Nxd4 Qb6 5. Nb3 Nf6 6. Nc3 e6 7. Be3 Qc7 8. a3 a6 9. f4 d6 10. Be2 Be7 11. 0-0 b5 12. Bf3 Bb7 13. Qe1 0-0 14. Qf2 Rac8 15. Rad1 Rfe8 16. g4 Nd7 17. g5 b4 18. axb4 Nxb4 19. Rfe1 1/2-1/2

[Event "Hamar op"]
[Site "Hamar"]
[Date "1983.??.??"]
[Round "5"]
[White "Minev, Nikolay Nikolaev"]
[Black "Aulin Jansson, Joran"]
[Result "1-0"]
[WhiteElo "2390"]
[BlackElo "2200"]
[PlyCount "125"]
[EventDate "1983.01.??"]
[EventType "swiss"]
[EventRounds "9"]
[EventCountry "NOR"]
[SourceTitle "MCD"]
[Source "ChessBase"]
[SourceDate "1999.07.01"]
[SourceVersion "1"]
[SourceVersionDate "1999.07.01"]
[SourceQuality "1"]

1. d4 g6 2. e4 Bg7 3. c3 d5 4. exd5 Qxd5 5. Be2 Nf6 6. Bf3 Qd6 7. Ne2 0-0 8. 0-0 Qb6 9. Qb3 c6 10. Na3 Be6 11. Qxb6 axb6 12. Nf4 Bf5 13. Re1 g5 14. Nh5 Nxh5 15. Bxh5 Bf6 16. Bd1 c5 17. Be3 Nd7 18. Bb3 e6 19. Rad1 cxd4 20. cxd4 Rac8 21. Nc4 Rc6 22. Nd2 b5 23. d5 exd5 24. Bxd5 Ra6 25. Ne4 Bxb2 26. Re2 Nf6 27. Rxb2 Nxe4 28. Bxb7 Rd6 29. Rxd6 Nxd6 30. Bd5 h6 31. h4 gxh4 32. Bxh6 Rc8 33. Bf4 Rc5 34. Bf3 Nc4 35. Re2 h3 36. g4 Be6 37. Kh2 Na3 38. Kxh3 Nc2 39. Be4 Nd4 40. Rd2 Rc3+ 41. Bg3 f5 42. Rxd4 fxe4 43. Rxe4 Bxa2 44. Re8+ Kf7 45. Rb8 Bc4 46. Kh4 Be2 47. f4 Rc1 48. Rb7+ Ke8 49. Bf2 Rh1+ 50. Kg3 Bf1 51. f5 Rh3+ 52. Kf4 Rb3 53. g5 Bg2 54. Rb8+ Kd7 55. Bd4 Rf3+ 56. Ke5 Bh3 57. Rf8 b4 58. g6 Rg3 59. Rf7+ Ke8 60. Kf6 Bf1 61. Bb6 Bb5 62. g7 b3 63. Re7# 1-0

[Event "Hamar op"]
[Site "Hamar"]
[Date "1983.??.??"]
[Round "1"]
[White "Minev, Nikolay Nikolaev"]
[Black "Stein, Bernd"]
[Result "1/2-1/2"]
[WhiteElo "2390"]
[BlackElo "2375"]
[PlyCount "51"]
[EventDate "1983.01.??"]
[EventType "swiss"]
[EventRounds "9"]
[EventCountry "NOR"]
[SourceTitle "MCD"]
[Source "ChessBase"]
[SourceDate "1999.07.01"]
[SourceVersion "1"]
[SourceVersionDate "1999.07.01"]
[SourceQuality "1"]

1. e4 c5 2. Nf3 e6 3. c4 d6 4. d4 cxd4 5. Nxd4 Nf6 6. Nc3 Be7 7. Be2 0-0 8. 0-0 a6 9. Be3 Qc7 10. Rc1 b6 11. f3 Bb7 12. Qe1 Nbd7 13. Qf2 Rfe8 14. Rfd1 Bf8 15. Bf1 Rac8 16. Kh1 Qb8 17. Nc2 Ne5 18. Na3 d5 19. cxd5 exd5 20. Nxd5 Bxd5 21. Rxc8 Qxc8 22. exd5 Neg4 23. fxg4 Nxg4 24. Qd2 Nxe3 25. Re1 Nxf1 26. Rxf1 1/2-1/2

[Event "Hamar op"]
[Site "Hamar"]
[Date "1983.??.??"]
[Round "2"]
[White "Wells, Peter K"]
[Black "Minev, Nikolay Nikolaev"]
[Result "1/2-1/2"]
[WhiteElo "2330"]
[BlackElo "2390"]
[PlyCount "115"]
[EventDate "1983.01.??"]
[EventType "swiss"]
[EventRounds "9"]
[EventCountry "NOR"]
[SourceTitle "MCD"]
[Source "ChessBase"]
[SourceDate "1999.07.01"]
[SourceVersion "1"]
[SourceVersionDate "1999.07.01"]
[SourceQuality "1"]

1. d4 Nf6 2. c4 e6 3. Nf3 d5 4. Nc3 c6 5. e3 Nbd7 6. Bd3 Bb4 7. 0-0 0-0 8. a3 Ba5 9. Re1 Bc7 10. e4 dxc4 11. Bxc4 e5 12. h3 exd4 13. Nxd4 Ne5 14. Be2 Ng6 15. Bf1 Re8 16. g3 Bb6 17. Be3 Nxe4 18. Nxe4 Rxe4 19. Nc2 Re8 20. Bxb6 axb6 21. Qd4 Be6 22. Rad1 Qxd4 23. Nxd4 Bd5 24. f4 Kf8 25. Kf2 Rxe1 26. Rxe1 Rd8 27. Nf5 Be6 28. Ne3 Ne7 29. Bg2 Nf5 30. Nxf5 Bxf5 31. Re2 h6 32. Ke1 Rd3 33. Kf2 Rb3 34. Rd2 Ke7 35. Bf1 b5 36. Be2 Be4 37. h4 g6 38. Bd1 Rd3 39. Rxd3 Bxd3 40. Ke3 Bc4 41. Bf3 Kd6 42. Kd4 Bd5 43. Be2 f6 44. Bd3 g5 45. Bf5 gxh4 46. gxh4 b6 47. Bc2 Bg2 48. Bd3 c5+ 49. Kc3 Ke6 50. Bg6 Kd5 51. b4 Bh3 52. Bd3 Bd7 53. Bc2 Bc6 54. Bf5 Kd6 55. Kd3 Bd7 56. Be4 Bh3 57. Kc3 Bf1 58. Bf3 1/2-1/2

[Event "Eksjo-08 grupp A"]
[Site "Eksjo"]
[Date "1980.08.21"]
[Round "3"]
[White "Gonsior, Evzen"]
[Black "Minev, Nikolay Nikolaev"]
[Result "0-1"]
[WhiteElo "2370"]
[BlackElo "2390"]
[PlyCount "50"]
[EventDate "1980.08.19"]
[EventType "tourn"]
[EventRounds "11"]
[EventCountry "SWE"]
[SourceTitle "EXT 2001"]
[Source "ChessBase"]
[SourceDate "2000.11.22"]
[SourceVersion "1"]
[SourceVersionDate "2000.11.22"]
[SourceQuality "1"]

1. e4 c5 2. f4 Nc6 3. Nf3 e6 4. Bb5 Nge7 5. 0-0 a6 6. Be2 d5 7. d3 g6 8. c3 Bg7 9. Be3 d4 10. Bf2 0-0 11. c4 e5 12. fxe5 Nxe5 13. Nxe5 Bxe5 14. Nd2 Qc7 15. Nf3 Bf4 16. Kh1 f5 17. g3 Bh6 18. Ng1 fxe4 19. dxe4 Nc6 20. g4 Bf4 21. h3 Ne5 22. Nf3 Bd7 23. Nxe5 Qxe5 24. Bf3 Bc6 25. Kg1 Bh2+ 0-1

[Event "Sofia"]
[Site "Sofia"]
[Date "1979.??.??"]
[Round "8"]
[White "Georgiev, Krum"]
[Black "Minev, Nikolay Nikolaev"]
[Result "1/2-1/2"]
[WhiteElo "2440"]
[BlackElo "2380"]
[PlyCount "29"]
[EventDate "1979.05.??"]
[EventType "tourn"]
[EventRounds "13"]
[EventCountry "BUL"]
[EventCategory "6"]
[SourceTitle "EXT 2004"]
[Source "ChessBase"]
[SourceDate "2003.11.25"]
[SourceVersion "1"]
[SourceVersionDate "2003.11.25"]
[SourceQuality "1"]

1. e4 e5 2. Nf3 Nc6 3. Bb5 a6 4. Ba4 d6 5. 0-0 Bd7 6. c3 Nge7 7. d4 Ng6 8. Nbd2 Be7 9. Bb3 0-0 10. h3 Bf6 11. Nc4 Re8 12. d5 Nb8 13. Ne3 Nf4 14. Kh2 g6 15. Ng1 1/2-1/2

[Event "Sofia"]
[Site "Sofia"]
[Date "1979.??.??"]
[Round "1"]
[White "Minev, Nikolay Nikolaev"]
[Black "Babev, Aleksandar"]
[Result "1/2-1/2"]
[WhiteElo "2380"]
[BlackElo "2340"]
[PlyCount "42"]
[EventDate "1979.05.??"]
[EventType "tourn"]
[EventRounds "13"]
[EventCountry "BUL"]
[EventCategory "6"]
[SourceTitle "EXT 2004"]
[Source "ChessBase"]
[SourceDate "2003.11.25"]
[SourceVersion "1"]
[SourceVersionDate "2003.11.25"]
[SourceQuality "1"]

1. c4 Nf6 2. Nc3 g6 3. g3 Bg7 4. Bg2 0-0 5. e3 d6 6. Nge2 e5 7. 0-0 c6 8. d4 Nbd7 9. b3 Re8 10. Ba3 Nf8 11. dxe5 dxe5 12. Qxd8 Rxd8 13. Rad1 Rxd1 14. Rxd1 Ne6 15. Na4 Nd7 16. g4 Bf8 17. Bxf8 Kxf8 18. Ng3 Ke7 19. h3 Ndc5 20. Nc3 a5 21. Nge4 f6 1/2-1/2

[Event "Sofia"]
[Site "Sofia"]
[Date "1979.??.??"]
[Round "7"]
[White "Minev, Nikolay Nikolaev"]
[Black "Ioakimidis, Georgios"]
[Result "1-0"]
[WhiteElo "2380"]
[BlackElo "2315"]
[PlyCount "27"]
[EventDate "1979.05.??"]
[EventType "tourn"]
[EventRounds "13"]
[EventCountry "BUL"]
[EventCategory "6"]
[SourceTitle "EXT 2004"]
[Source "ChessBase"]
[SourceDate "2003.11.25"]
[SourceVersion "1"]
[SourceVersionDate "2003.11.25"]
[SourceQuality "1"]

1. d4 f5 2. g3 Nf6 3. Bg2 g6 4. Nf3 Bg7 5. 0-0 0-0 6. c4 d6 7. d5 c6 8. Nd4 Qb6 9. Nb3 Bd7 10. Be3 c5 11. Qc1 Qa6 12. Na3 Qa4 13. Bd2 b6 14. Na5 1-0

[Event "Sofia"]
[Site "Sofia"]
[Date "1979.??.??"]
[Round "5"]
[White "Minev, Nikolay Nikolaev"]
[Black "Padevsky, Nikola Bochev"]
[Result "1/2-1/2"]
[WhiteElo "2380"]
[BlackElo "2410"]
[PlyCount "20"]
[EventDate "1979.05.??"]
[EventType "tourn"]
[EventRounds "13"]
[EventCountry "BUL"]
[EventCategory "6"]
[SourceTitle "EXT 2004"]
[Source "ChessBase"]
[SourceDate "2003.11.25"]
[SourceVersion "1"]
[SourceVersionDate "2003.11.25"]
[SourceQuality "1"]

1. d4 d5 2. c4 c6 3. cxd5 cxd5 4. Nf3 Nc6 5. Nc3 Nf6 6. Bf4 Bf5 7. e3 e6 8. Bd3 Bxd3 9. Qxd3 Bd6 10. Bxd6 Qxd6 1/2-1/2

[Event "Pernik Benderev Memorial-04"]
[Site "Pernik"]
[Date "1978.07.17"]
[Round "14"]
[White "Suba, Mihai"]
[Black "Minev, Nikolay Nikolaev"]
[Result "1/2-1/2"]
[WhiteElo "2430"]
[BlackElo "2390"]
[PlyCount "24"]
[EventDate "1978.07.01"]
[EventType "tourn"]
[EventRounds "15"]
[EventCountry "BUL"]
[EventCategory "7"]
[SourceTitle "EXT 2004"]
[Source "ChessBase"]
[SourceDate "2003.11.25"]
[SourceVersion "1"]
[SourceVersionDate "2003.11.25"]
[SourceQuality "1"]

1. c4 e6 2. Nc3 d5 3. d4 Nf6 4. Bg5 Be7 5. Nf3 0-0 6. e3 b6 7. cxd5 Nxd5 8. Bxe7 Qxe7 9. Nxd5 exd5 10. Be2 Bb7 11. Rc1 Rc8 12. 0-0 Nd7 1/2-1/2

[Event "Pernik Benderev Memorial-04"]
[Site "Pernik"]
[Date "1978.07.14"]
[Round "12"]
[White "Kirov, Nino"]
[Black "Minev, Nikolay Nikolaev"]
[Result "1/2-1/2"]
[WhiteElo "2465"]
[BlackElo "2390"]
[PlyCount "28"]
[EventDate "1978.07.01"]
[EventType "tourn"]
[EventRounds "15"]
[EventCountry "BUL"]
[EventCategory "7"]
[SourceTitle "EXT 2004"]
[Source "ChessBase"]
[SourceDate "2003.11.25"]
[SourceVersion "1"]
[SourceVersionDate "2003.11.25"]
[SourceQuality "1"]

1. Nf3 d5 2. d4 Bf5 3. c4 e6 4. Nc3 c6 5. e3 Nf6 6. Bd3 Bxd3 7. Qxd3 Bb4 8. 0-0 0-0 9. a3 Bxc3 10. Qxc3 dxc4 11. Qxc4 Qd5 12. b3 Nbd7 13. Bb2 Qxc4 14. bxc4 c5 1/2-1/2

[Event "Pernik Benderev Memorial-04"]
[Site "Pernik"]
[Date "1978.07.12"]
[Round "10"]
[White "Popov, Luben"]
[Black "Minev, Nikolay Nikolaev"]
[Result "1/2-1/2"]
[WhiteElo "2435"]
[BlackElo "2390"]
[PlyCount "23"]
[EventDate "1978.07.01"]
[EventType "tourn"]
[EventRounds "15"]
[EventCountry "BUL"]
[EventCategory "7"]
[SourceTitle "EXT 2004"]
[Source "ChessBase"]
[SourceDate "2003.11.25"]
[SourceVersion "1"]
[SourceVersionDate "2003.11.25"]
[SourceQuality "1"]

1. c4 e6 2. Nf3 d5 3. g3 Nf6 4. Bg2 Be7 5. 0-0 0-0 6. b3 c6 7. Bb2 Nbd7 8. d4 b6 9. Nc3 Ba6 10. cxd5 cxd5 11. a3 Rc8 12. Re1 1/2-1/2

[Event "Bucharest Int 17th"]
[Site "Bucharest"]
[Date "1978.03.08"]
[Round "2"]
[White "Suba, Mihai"]
[Black "Minev, Nikolay Nikolaev"]
[Result "1/2-1/2"]
[WhiteElo "2430"]
[BlackElo "2390"]
[PlyCount "82"]
[EventDate "1978.03.07"]
[EventType "tourn"]
[EventRounds "15"]
[EventCountry "ROU"]
[EventCategory "8"]
[SourceTitle "MCD"]
[Source "ChessBase"]
[SourceDate "1999.07.01"]
[SourceVersion "1"]
[SourceVersionDate "1999.07.01"]
[SourceQuality "1"]

1. c4 e6 2. Nc3 d5 3. d4 Nf6 4. Bg5 Nbd7 5. Nf3 c6 6. e3 Qa5 7. Nd2 Bb4 8. Qc2 dxc4 9. Bxf6 Nxf6 10. Nxc4 Qc7 11. Bd3 b6 12. 0-0 0-0 13. Rac1 Bxc3 14. Qxc3 Bb7 15. Ne5 Rac8 16. b4 Qd6 17. Qb2 Rc7 18. Rc2 Rfc8 19. Rfc1 Nd5 20. a3 f6 21. Nf3 Qe7 22. Bf1 Rd7 23. Qb3 Kh8 24. Qa4 Qd8 25. e4 Ne7 26. Qb3 c5 27. Qxe6 cxd4 28. Rxc8 Bxc8 29. Rd1 Rd6 30. Qb3 Ng6 31. Qb2 Bg4 32. Rxd4 Bxf3 33. Rxd6 Qxd6 34. gxf3 Nf4 35. Qb3 h5 36. Qf7 a5 37. bxa5 bxa5 38. Qe8+ Kh7 39. Qb5 Qe5 40. Bc4 Qa1+ 41. Bf1 g5 1/2-1/2